ბათუმის შოთა რუსთაველის სახელმწიფო უნივერსიტეტის ბიბლიოთეკა

ლექსები. (ბიბ.ჩანაწერი № 41794)

000 -LEADER
fixed length control field 00633nam a2200217Ia 4500
001 - CONTROL NUMBER
control field 8476
003 - CONTROL NUMBER IDENTIFIER
control field GE_BSU
008 - FIXED-LENGTH DATA ELEMENTS--GENERAL INFORMATION
fixed length control field 181216s||||||||xx |||||||||||||| ||und||
040 ## - CATALOGING SOURCE
Transcribing agency GE_BSU
080 ## - UNIVERSAL DECIMAL CLASSIFICATION NUMBER
Universal Decimal Classification number 821.353.1-1
100 ## - MAIN ENTRY--PERSONAL NAME
Personal name ვაკელი, იონა
245 ## - TITLE STATEMENT
Title ლექსები.
245 ## - TITLE STATEMENT
Statement of responsibility, etc. პ/მგ. რედ.: კ. ბობოხიძე.
250 ## - EDITION STATEMENT
Edition statement მხატვრული ლიტ. სექტორი
260 ## - PUBLICATION, DISTRIBUTION, ETC.
Place of publication, distribution, etc. თბილისი.
260 ## - PUBLICATION, DISTRIBUTION, ETC.
Name of publisher, distributor, etc. სახელგამი.
260 ## - PUBLICATION, DISTRIBUTION, ETC.
Date of publication, distribution, etc. 1940
300 ## - PHYSICAL DESCRIPTION
Extent 105 გვ; 17 სმ.
653 ## - INDEX TERM--UNCONTROLLED
Uncontrolled term ლექსები.
942 ## - ADDED ENTRY ELEMENTS (KOHA)
Koha item type წიგნი
ეგზემპლარები
Withdrawn status Lost status Damaged status Not for loan Date acquired Barcode Date last seen Price effective from Koha item type
        2018-12-17 30615 2018-12-17 2018-12-17 წიგნი
        2018-12-17 30616 2018-12-17 2018-12-17 წიგნი
        2018-12-17 30617 2018-12-17 2018-12-17 წიგნი
        2018-12-17 30618 2018-12-17 2018-12-17 წიგნი
        2018-12-17 30619 2018-12-17 2018-12-17 წიგნი
        2018-12-17 30620 2018-12-17 2018-12-17 წიგნი